Interkulturní specifika a cestovní ruch

Bibliographic Details
Main Author: Klímová, Monika (Author)
Format: Book
Language:Czech
PhysicalDescription:107 strán grafy, ilustrácie, mapy, tabuľky 21 cm
Published: Praha Wolters Kluwer 2017
ISBN:9788075526199
Edition:Vydání první
Subjects:

MARC

LEADER 00000cam a2200000 4500
001 vtls011698584
003 SK-MaSNL
005 20260302053215.0
008 180116s2017 xr ab frnf 001 0 cze
020 |a 9788075526199  |q (brožované) 
040 |a SNK  |b slo  |c SNK  |e rda 
041 0 |a cze 
044 |a xr  |c CZ 
072 7 |a 338.3/.4  |x Hospodárske a výrobné odvetvia  |2 konspekt 
080 |a 314.151-054.6  |2 2011 
080 |a 316.772.4  |2 2011 
080 |a 159.922.4  |2 2011 
080 |a 338.48  |2 2011 
080 |a (035)  |2 2011 
100 1 |a Klímová, Monika  |4 aut  |9 710888 
245 1 0 |a Interkulturní specifika a cestovní ruch  |c Monika Klímová 
250 |a Vydání první 
264 1 |a Praha  |b Wolters Kluwer  |c 2017 
300 |a 107 strán  |b grafy, ilustrácie, mapy, tabuľky  |c 21 cm 
336 |a text  |b txt  |2 rdacontent 
337 |a bez média  |b n  |2 rdamedia 
338 |a zväzok  |b nc  |2 rdacarrier 
500 |a Pod názvom: Vysoká škola hotelová v Praze 
500 |a Dokument obsahuje krátke biografické informácie o autorke na strane 106 a zozna obárzkov, grafov, máp a tabuliek na strane 95 
504 |a Bibliografia na strane 96-100 ; bibliografické odkazy ; register 
650 0 7 |a cudzinci  |2 SNKPH  |9 996 
650 0 7 |a interkultúrna komunikácia  |2 SNKPH  |9 2689 
650 0 7 |a národná mentalita  |2 SNKPH  |9 66879 
650 0 7 |a cestovný ruch  |2 SNKPH  |9 999 
650 0 7 |a Aliens  |2 SNKPHeng  |9 275490 
650 0 7 |a Intercultural communication  |2 SNKPHeng  |9 267181 
650 0 7 |a National characteristics  |2 SNKPHeng  |9 312765 
650 0 7 |a Tourism  |2 SNKPHeng  |9 266335 
655 7 |a príručky  |2 SNKPH  |9 74364 
655 7 |a Handbooks, manuals, etc.  |2 SNKPHeng  |9 90964 
852 |a Štátna vedecká knižnica v Banskej Bystrici 
919 |a 978-80-7552-619-9 
958 |a NB 
958 |a CZ 
999 |c 1108513  |d 1110443 
952 |t snkKLI 338.48  |a SNKUST  |b SNKUST  |y PREZ  |7 0  |p 17A1360952  |o snkIC 144614  |i snk2019/6517  |8 4  |g 8.50  |0 0  |1 0  |4 0  |d 2019-02-22  |l 0  |r 2025-05-29 00:00:00  |w 2026-02-24